000 00595nam a2200205Ia 4500
008 150520s9999 xx 000 0 und d
050 _aRB 1
050 _b.D693 2015
100 _aDorado, Ephraim Neil G.
245 _aWellness home health patient information system /
245 _cEphraim Neil G. Dorado.
260 _aLas Piñas, Philippines :
260 _bSISC,
260 _c2015.
300 _a93 pages :
300 _billustrations ;
300 _c28 cm.
500 _aIncludes bibliographical references and appendices.
650 _aMedical records system, Computerized
999 _c284099
_d284099